| 000 | 00000cam 2200000zi 4500 |
| 001 | 9.948331 |
| 003 | CaOODSP |
| 005 | 20251107110551 |
| 006 | m o d f |
| 007 | cr mn||||||||| |
| 008 | 250224s2025 oncab ob f000 0 eng d |
| 020 | |a9780660759371 |
| 040 | |aCaOODSP|beng|erda|cCaOODSP |
| 043 | |an-cn--- |
| 086 | 1 |aFs23-764/2025E-PDF |
| 245 | 02|aA framework for aquatic species at risk conservation : |bpolicies & guidelines. |
| 246 | 13|aFramework for aquatic species at risk conservation : |bpolicies and guidelines |
| 246 | 13|aFramework for aquatic species at risk conservation |
| 264 | 1|a[Ottawa] : |bFisheries and Oceans Canada = Pêches et océans Canada, |c2025. |
| 300 | |a1 online resource (43 pages, 1 unnumbered page) : |bcolour illustrations, colour map |
| 336 | |atext|btxt|2rdacontent |
| 337 | |acomputer|bc|2rdamedia |
| 338 | |aonline resource|bcr|2rdacarrier |
| 500 | |aIssued also English under title: Cadre pour la conservation des espèces en péril aquatiques : politiques et lignes directrices. |
| 500 | |a"SARP, Species At Risk Program." |
| 500 | |aPublication replaced on November 7, 2025 as requested by the publisher. |
| 504 | |aIncludes bibliographical references (pages 26-30). |
| 520 | |a"The Framework for Aquatic Species at Risk Conservation has been developed with the aim of improving the delivery of the Species at Risk Act (SARA) for aquatic species at risk through the use of collaborative, multi-species approaches to conservation and recovery. The Framework focuses on aquatic species that are listed under SARA as extirpated, endangered, threatened or special concern. However, it may be possible to broaden the use of these approaches to benefit other species that are not yet listed, such as species that have been assessed as at risk by the Committee on the Status of Endangered Wildlife in Canada (COSEWIC). …"--Executive summary, page 5. |
| 650 | 0|aAquatic organisms|xConservation|xGovernment policy|zCanada. |
| 650 | 0|aWildlife recovery|xGovernment policy|zCanada. |
| 650 | 0|aEndangered species|xGovernment policy|zCanada. |
| 710 | 1 |aCanada. |bDepartment of Fisheries and Oceans, |eissuing body. |
| 710 | 2 |aSpecies at Risk Program (Canada), |eissuing body. |
| 775 | 08|tCadre pour la conservation des espèces en péril aquatiques : |w(CaOODSP)9.948332 |
| 856 | 40|qPDF|s2.48 MB|uhttps://publications.gc.ca/collections/collection_2025/mpo-dfo/fs23/Fs23-764-2025-eng.pdf |
| 856 | 4 |qHTML|sN/A|uhttps://www.dfo-mpo.gc.ca/publications/species-especes/sara-lep/framework-conservation-cadre/index-eng.html |